Boj za vyrovnaný rozpočet ve Spojených státech

Podiel štátneho dlhu na HDP v USA. Pokusy na zníženie štátneho deficitu USA. Postoj oboch politických strán k štátnemu rozpočtu. Návrhy oboch strán na vyrovnaný štátny rozpočet.

Salvato in:
Dettagli Bibliografici
Autore principale: Adam, J.
Natura: Capitolo di libro
Lingua:ceco
Soggetti:
Tags: Aggiungi Tag
Nessun Tag, puoi essere il primo ad aggiungerne!!

MARC

LEADER 00000naa a2200000 4500
001 r018562
005 20221205102344.0
041 0 |a cze 
044 |a CZ 
245 1 0 |a Boj za vyrovnaný rozpočet ve Spojených státech  |c J. Adam 
520 |a Podiel štátneho dlhu na HDP v USA. Pokusy na zníženie štátneho deficitu USA. Postoj oboch politických strán k štátnemu rozpočtu. Návrhy oboch strán na vyrovnaný štátny rozpočet. 
610 2 0 |a rozpočet štátny 
610 2 0 |a USA 
610 2 0 |a dlhy štátne 
610 2 0 |a strany politické 
610 2 0 |a zadlženosť 
610 2 0 |a výdavky rozpočtu štátneho 
610 2 0 |a programy vládne 
610 2 0 |a Medicare 
610 2 0 |a produkt domáci hrubý 
610 2 0 |a deficit 
100 1 |a Adam, J.